Ποικίλαι σελίδες : [επιλογή]

Αποθηκεύτηκε σε:
Λεπτομέρειες βιβλιογραφικής εγγραφής
Κύριος συγγραφέας: Τουρλίδης, Γεώργιος Αθ. 1945-
Μορφή: Βιβλίο
Γλώσσα:Greek
Δημοσίευση: Αθήνα : χ.ο., 1984
Θέματα:
Ετικέτες: Προσθήκη ετικέτας
Δεν υπάρχουν, Καταχωρήστε ετικέτα πρώτοι!

MARC

LEADER 00000cam a2200000 i 4500
001 1/86235
008 080523s1984 gre d
035 |l 10097611 
040 |a GR-MY-UA  |b gre  |e aacr 
041 0 |a gre 
082 0 |a 383.122  |2 (22) 
100 1 |a Τουρλίδης, Γεώργιος Αθ.  |d 1945- 
245 1 0 |a Ποικίλαι σελίδες :  |b [επιλογή] /  |c Γεωργίου Αθ. Τουρλίδη 
260 |a Αθήνα :   |b χ.ο.,   |c 1984 
300 |a 15 σ.;  |c 24 εκ. 
504 |a Βιβλιογραφία: σ.15 
650 0 0 |a Letters. 
852 |a INST  |b RHODES  |c AKA  |e 20080523  |h  383.122 ΤΟΥ  |p 005400029151  |q 005400029151  |t BK  |y 0 
901 |a BIBL4-2008-2 
909 |a Ρ  |b 150175 
970 |a ΜΙΣΣΟΣ  |b ΣΤΑΥΡΟΣ  |z 2008/05/23